Musical Acts by State - South Carolina - Statistics

General Stats
  • This quiz has been taken 52 times
  • The average score is 4 of 30
Answer Stats
City/Town Songs Answer % Correct
Barnwell I Feel Good | It's A Man's Man's Man's World James Brown
67%
Columbia Only Wanna Be With You | Let Her Cry Hootie & the Blowfish
58%
Charleston Wagon Wheel | If I Told You Darius Rucker
47%
Greenville If Ever You're In My Arms Again | A Whole New World Peabo Bryson
33%
Charleston I'll Be | I Could Not Ask For More Edwin McCain
30%
Cheraw Stole The Show | Tennessee Whiskey Parson James
30%
Spartanburg Can't You See | Fire On The Mountain The Marshall Tucker Band
16%
Sumter Rumor | One Of Them Girls Lee Brice
14%
Lugoff Rainy Night In Georgia | It's Just A Matter Of Time Brook Benton
12%
Hannah Your Man | Would You Go With Me Josh Turner
12%
Clinton Guitar Boogie | Dueling Banjos Arthur Smith
7%
Rock Hill Riding With Private Malone | Thinkin' Problem David Ball
7%
Chapin Flightless Bird, American Mouth | Naked As We Come Iron & Wine
7%
Columbia Wish I Didn't Miss You | No More Rain (In This Cloud) Angie Stone
5%
Columbia Cold | Colors Crossfade
5%
Greenville The Well | Wildflowers & Wine Marcus King
5%
Cheraw A Night In Tunisia | All The Things You Are Dizzy Gillespie
2%
Greenville Rockin' The Joint | Believe Me When I Say Rock´n´Roll Is Here To Stay Esquerita
2%
Lancaster Break Down Here | Wake Up Older Julie Roberts
2%
Charleston Wonderful Dream (Holidays Are Coming) | Love How You Love Me Melanie Thornton
2%
Seneca Brother | Multiplied Needtobreathe
2%
Laurens Samson And Delilah | Death Don't Have No Mercy Reverend Gary Davis
2%
Charleston Jah Werx | Weather Balloons Susto
2%
Columbia Rose Quartz | The Difference Toro y Moi
2%
Hilton Head Island Green Mountain State | The Lime Tree Trevor Hall
2%
Florence Someone To Hold | Photograph Of Mary Trey Lorenz
2%
Columbia Happiness | Good Girl Alexis Jordan
0%
Spartanburg Runaway | War For Love Bright Lights
0%
Rock Hill Walls | Studying Politics Emery
0%
Columbia Habit | Set Sail The Movement
0%
No matching quizzes found
Score Distribution
Percent of People with Each Score
Percentile by Number Answered
Your Score History
You have not taken this quiz